|
|
|
|
| LEADER |
00000nam a2200000Ii 4500 |
| 001 |
DIGLIDFRO0038 |
| 003 |
NyNyDIG |
| 006 |
m o d |
| 007 |
cr ||||||||||| |
| 008 |
130401s2010 sp o 000 0 spa d |
| 020 |
|
|
|z 9788482550831
|
| 020 |
|
|
|z 8482550837
|
| 035 |
|
|
|a (OCoLC)888267984
|
| 040 |
|
|
|a DGITA
|b eng
|e pn
|c DGITA
|
| 041 |
1 |
|
|a spa
|h fre
|
| 043 |
|
|
|a e-ur---
|
| 050 |
1 |
4 |
|a DK266 eBook
|
| 100 |
1 |
|
|a Serge, Victor
|d 1890-1947.
|
| 240 |
1 |
0 |
|a Destin d'une révolution
|l Spanish
|
| 245 |
1 |
3 |
|a El destino de una revolución /
|c Víctor Serge ; traducción de C.E. Pardo.
|
| 250 |
|
|
|a 1. ed.
|
| 264 |
|
1 |
|a Sant Cugat del Vallès, Barcelona :
|b Amelia Romero, editora :
|b Los Libros de la Frontera,
|c 2010.
|
| 300 |
|
|
|a 1 online resource (352 pages)
|
| 336 |
|
|
|a text
|b txt
|2 rdacontent
|
| 337 |
|
|
|a computer
|b c
|2 rdamedia
|
| 338 |
|
|
|a online resource
|b cr
|2 rdacarrier
|
| 490 |
1 |
|
|a Papeles de ensayo ;
|v 13.
|
| 500 |
|
|
|a Translation of: Destin d'une révolution. U.R.S.S. 1917-1936. París : B. Grasset, 1937.
|
| 650 |
|
0 |
|a Communism
|z Soviet Union.
|
| 650 |
|
0 |
|a Political crimes and offenses
|z Soviet Union.
|
| 651 |
|
0 |
|a Soviet Union
|x Politics and government
|y 1917-1936.
|
| 651 |
|
0 |
|a Soviet Union
|x Social conditions.
|
| 655 |
|
0 |
|a Electronic books.
|
| 700 |
1 |
|
|a Pardo, C. E.
|
| 791 |
2 |
|
|a Digitalia (Firm),
|e distributor.
|
| 830 |
|
0 |
|a Papeles de ensayo ;
|v 13.
|
| 793 |
0 |
|
|g Digitalia eBook Collection:
|a Libros de la Frontera.
|
| 856 |
4 |
0 |
|3 Digitalia Hispánica
|u https://www.digitaliapublishing.com/a/9009/
|
| 910 |
|
|
|a Premium Collection: 2007-2012
|